000 00946nam a22003377a 4500
001 BR2011008250
003 BR-BrBNA
005 20230928103825.0
007 ta
008 230509b bl.||||| |||| 00| 0 por d
040 _aBR-BrBNA
_bpor
_cBiblioteca Nacional de Agricultura
041 _a(Por)
072 _aE50; E20
090 _ E50 BR2011008250
100 1 _aOliveira, C.G. de S.
110 1 _aServiço Nacional de Aprendizagem do Cooperativismo, Brasília, DF (Brasil)
_99445
245 1 _aViabilidade e sustentabilidade do turismo rural
260 3 _aBrasília, DF (Brasil):
_c2002.
300 _a103 p.
500 _a20 ref.; 3 illus.; 9 tables
650 _aTURISMO
650 _aEQUIPAMENTO
650 _aINVESTIMENTO
650 _aRECURSO HUMANO
650 _aDESPESA
650 _aPAISAGISMO
650 _aPESQUISA DE MERCADO
650 _aINVENTÁRIO
909 _a202309
_bLucia
_c55
_dLucia Elande
942 _cBK
999 _c76797
_d76797